| 000 | 01746nas a2200277Ia 4500 | ||
|---|---|---|---|
| 001 | R050-S0902 | ||
| 003 | IT-CnALBA | ||
| 008 | 170116c99999999xx |||||||||||| ||und|| | ||
| 040 |
_aIT-CnALBA _cIT-CnALBA |
||
| 041 | _aITALIANO | ||
| 100 | _aCOLOMBO SISTO, SACERDOTE | ||
| 210 | _aRIVISTA GIOVANI | ||
| 222 | _aRIVISTA GIOVANI | ||
| 245 | 0 | _aRIVISTA GIOVANI. GENNAIO DICEMBRE 1930. CULTURA E VITA CRISTIANA. | |
| 250 | _a1a ed. | ||
| 260 |
_a TO BO CT PA _bSOCIETÀ ED. INTER. _c1930 [1° Ed.:1930 - Ed.Ling.Originale: 1930] |
||
| 300 | _a768 p. | ||
| 310 | _aMENSILE | ||
| 362 | _aFascicolo: 1-12 / Anno: 11 (1930) | ||
| 500 | _aINDICE MATERIE. AUTORI. SANT'AGOSTINO. LA CITTÀ DI DIO DI SANT'AGOSTINO. LA PATRIA. GERARCHIA ECCLESIASTICA, ORIGINI. DEGNA VERSIONE DI UN''OPERA IMMORTALE. FASTI IMPERIALI. PREGHIERA CRISTIANA, ORIGINI. IL CROCIATO DELLA GIOIA CRISTIANA. D'AMICO S. ALTRUISMO O CARITÀ? DIPIOVA G. L'UNIVERSITALITA' DEL CRISTIANESIMO. INNANZITUTTO. SOPRATTUTTO. FAVERO P. SU DUE PRETESE FORTUNE DI PIER GIORGIO. FODDAI P. LA MORTE CRISTIANA DI GUIDO GOZZANO. | ||
| 501 | _aSocietà San Paolo EM - Piazza San Paolo, 14 - 12051 ALBA (CN) (non commercial uses only) ® Copyright 2017 | ||
| 520 | _aINDICE MATERIE. AUTORI. SANT'AGOSTINO. LA CITTÀ DI DIO DI SANT'AGOSTINO. LA PATRIA. GERARCHIA ECCLESIASTICA, ORIGINI. DEGNA VERSIONE DI UN''OPERA IMMORTALE. FASTI IMPERIALI. PREGHIERA CRISTIANA, ORIGINI. IL CROCIATO DELLA GIOIA CRISTIANA. D'AMICO S. ALTRUISMO O CARITÀ? DIPIOVA G. L'UNIVERSITALITA' DEL CRISTIANESIMO. INNANZITUTTO. SOPRATTUTTO. FAVERO P. SU DUE PRETESE FORTUNE DI PIER GIORGIO. FODDAI P. LA MORTE CRISTIANA DI GUIDO GOZZANO. | ||
| 650 | _aCULTURA VITA CRISTIANA | ||
| 942 | _cCR | ||
| 957 | _71 | ||
| 999 |
_a62468 _bSI _g1 _c329494 _d329494 |
||